LEADER 01247nam 2200457 450 001 9910798521103321 005 20230808194641.0 010 $a1-68325-141-5 035 $a(CKB)3710000000776871 035 $a(Au-PeEL)EBL4619657 035 $a(CaPaEBR)ebr11241300 035 $a(OCoLC)956277791 035 $a(MiAaPQ)EBC4619657 035 $a(EXLCZ)993710000000776871 100 $a20160827h20162016 uy 0 101 0 $aspa 135 $aurcnu|||||||| 181 $2rdacontent 182 $2rdamedia 183 $2rdacarrier 200 13$aLa postura correcta /$fValeria Gattoronchieri 210 1$a[Barcelona, Spain] :$cEditorial De Vecchi,$d2016. 210 4$d©2016 215 $a1 online resource (111 pages) $ccolor illustrations 300 $a"Bienestar y forma fisica"--Cover. 311 $a84-315-3127-4 606 $aPosture 606 $aPhysical fitness 606 $aExercise 615 0$aPosture. 615 0$aPhysical fitness. 615 0$aExercise. 676 $a613.78 700 $aGattoronchieri$b Valeria$01468392 801 0$bMiAaPQ 801 1$bMiAaPQ 801 2$bMiAaPQ 906 $aBOOK 912 $a9910798521103321 996 $aLa postura correcta$93679543 997 $aUNINA LEADER 00781nam0-2200265 --450 001 9910867599003321 005 20240708125621.0 100 $a20240708d1957----kmuy0itay5050 ba 101 0 $afre 102 $aFR 105 $ay 001yy 200 1 $aDictionnaire des huiles vegetales$fpar Paul H. Mensier 210 $aParis$ceditions Paul Lechevalier$d1957 215 $a763 p.$d25 cm. 225 1 $aEncyclopédie biologique$v52 610 0 $aOlii vegetali$aEnciclopedie e dizionari 676 $a665.3$v23$zita 700 1$aMensier,$bPaul H.$01742815 801 0$aIT$bUNINA$gREICAT$2UNIMARC 901 $aBK 912 $a9910867599003321 952 $aA MIC 2644$b9610/2024$fFAGBC 959 $aFAGBC 996 $aDictionnaire des huiles vegetales$94173568 997 $aUNINA